20 Questions de Culture Générale - 1 - Statistiques

Statistiques générales
  • Ce quiz a été pris 190 fois
  • Le résultat moyen est 8 sur 20
Statistiques - réponses
Descriptions Réponses % Correct
Président français en fonction au moment de l’Attentat contre Charlie Hebdo à Paris. François Hollande
98%
Océan bordant la côte Est du Kenya. Océan Indien
70%
Type de pont mobile défensif qui se baisse et se lève pour ouvrir ou fermer le passage au-dessus d'un fossé encerclant un château. Pont-levis
65%
Femme politique ayant perdue les élections présidentielles américaines 2024 face à Donald Trump. Kamala Harris
64%
Condiment populaire, généralement élaboré à partir de tomate, de vinaigre et de sucre. Le ketchup
62%
Monnaie russe depuis le 1er janvier 1993. Le rouble
57%
Nation opposée au Brésil lors de la Finale de la Coupe du Monde de la FIFA 1994 (que ces derniers remporteront). Italie
54%
Terme anglais désignant le fait de prendre un Jeu sur le service de son adversaire au tennis. Break
49%
Nom donné aux violons, altos et violoncelles fabriqués dans l’atelier du célèbre luthier italien Antonio Stradivari. Stradivarius
46%
Entreprise américaine de services technologiques fondée par Larry Paige et Sergey Brin en 1998. Google
44%
Fruit provenant du plaqueminier. Le kaki
34%
Couleur se traduisant par « morado » en espagnol. Violet
30%
Célèbre Maréchal français natif de Tarbes dont le principal fait d’arme est la Bataille de la Somme durant la Première Guerre Mondiale. Ferdinand Foch
29%
Roman de Boris Vian ayant pour personnage principal Colin, un jeune homme fan de Jazz et de l’Amour. L'Écume des jours
27%
Film réalisé par Roman Polanski ayant reçu 3 Oscars et 7 Césars. Le Pianiste
20%
Race de chien dont Rantanplan est un célèbre représentant. Berger-allemand
11%
Pays ayant le plus de langues répertoriées (841). Papouasie Nouvelle-Guinée
10%
Nom donné au petit du rhinocéros. Le rhinocéron
6%
Ville américaine où Rosa Parks refusa de laisser sa place à un passager blanc dans un bus. Montgomery
5%
Instrument fétiche du musicien français Grégoire Blanc. Le thérémine
4%
Aucun quiz correspondant
Distribution des résultats
% des personnes avec chaque résultat
Percentile par nombre de réponses
Votre historique - résultats
Vous n’avez pas pris ce quiz